Gaming Quiz

Random Gaming or Pokémon Quiz

The Great Firsts of Pokémon Quiz Stats

 Plays Quiz Updated Jun 15, 2017

Score 0/94 Timer 15:00
5 Plays Today
First Pokémon % Correct
Fire Type Pokémon Charmander
96.6%
Water Type Pokémon Squirtle
95.2%
Electric Type Pokémon Pikachu
94.7%
Grass Type Pokémon Bulbasaur
93.3%
Normal Type Pokémon Pidgey
83.5%
Bug Type Pokémon Caterpie
73.1%
Rock Type Pokémon Geodude
72.3%
Dragon Type Pokémon Dratini
71.3%
Ghost Type Pokémon Gastly
71.3%
Psychic Type Pokémon Abra
70%
Fighting Type Pokémon Mankey
69.6%
Pure Water TypeSquirtle
67.5%
Pure Fire TypeCharmander
67.5%
Pure Electric TypePikachu
67.4%
Flying Type Pokémon Charizard
64.5%
Poison Type Pokémon Bulbasaur
63.6%
Fairy Type Pokémon Clefairy
63.2%
Ground Type Pokémon Sandshrew
62.8%
Ice Type Pokémon Dewgong
60.5%
Pure Dragon TypeDratini
59.4%
Pure Psychic TypeAbra
59.3%
Pure Bug TypeCaterpie
59.2%
Pure Normal TypeRattata
58.9%
Pure Fighting TypeMankey
56.7%
Steel Type Pokémon Magnemite
56.2%
To begin with BBulbasaur
56.1%
To begin with CCharmander
55.8%
Dual Fire TypeCharizard
54.1%
Dual Normal TypePidgey
54.1%
Pure Ground TypeSandshrew
53.5%
Dual Grass TypeBulbasaur
52.7%
Pure Poison TypeEkans
51.6%
First Pokémon % Correct
Pure Fairy TypeClefairy
50.9%
Dark Type Pokémon Umbreon
50.6%
Dual Poison TypeBulbasaur
48.6%
Dual Ghost TypeGastly
48%
Dual Bug TypeButterfree
47.3%
Dual Rock TypeGeodude
47.2%
Dual Dragon TypeDragonite
47.2%
Dual Flying TypeCharizard
46.4%
Pure Dark TypeUmbreon
46%
Thun. Stone EvolutionPikachu>Raichu
45.9%
Dual Electric TypeMagnemite
45.4%
Dual Ice TypeDewgong
44.8%
Pure Grass TypeTangela
44.3%
To begin with IIvysaur
43.9%
Dual Steel TypeMagnemite
42.5%
To begin with WWartortle
42.1%
To begin with EEkans
41.8%
Pure Ghost TypeMisdreavus
41.5%
To begin with PPidgey
41%
To begin with AArbok
40.9%
To begin with SSquirtle
40.9%
To begin with VVenusaur
40.6%
Fire Stone EvolutionVulpix>Ninetales
40.2%
Baby Pokémon Pichu
40%
Leaf Stone EvolutionGloom>Vileplume
39.1%
To begin with KKakuna
39.1%
Dual Fairy TypeJigglypuff
38.9%
To begin with FFearow
38.9%
Moon Stone EvolutionNidorina>Nidoqueen
37.6%
To begin with RRattata
37.6%
Pure Flying TypeTornadus
37.3%
To begin with MMetapod
36.1%
First Pokémon % Correct
Water Stone EvolutionPoliwhirl>Poliwrath
35.6%
To begin with NNidoran♀
34.6%
Pure Trade EvolutionKadabra>Alakazam
34.6%
To begin with DDiglett
34%
Dual Water TypePoliwrath
32.9%
Pure Ice TypeSnorunt
32.9%
Sun Stone EvolutionGloom>Bellossom
32.8%
To begin with JJigglypuff
32.7%
Dual Dark TypeMurkrow
32%
Dual Fighting TypePoliwrath
31.9%
To begin with XXatu
31.3%
Dual Ground TypeNidoqueen
31%
To begin with Z Zubat
29.3%
Dual Psychic TypeSlowpoke
26.8%
To begin with YYanma
26.4%
Affection EvolutionEevee>Sylveon
25.6%
Pure Steel TypeRegisteel
25.2%
To begin with OOddish
24.5%
Pure Rock TypeSudowoodo
23.8%
Happiness EvolutionGolbat>Crobat
22.6%
To begin with GGolbat
22.5%
To begin with UUmbreon
22.5%
To begin with QQuilava
21.6%
To begin with HHaunter
21.6%
Dawn Stone EvolutionKirlia>Gallade
21.3%
Dusk Stone EvolutionMurkrow>Honchkrow
20.7%
Shiny Stone EvolutionTogetic>Togekiss
19%
To begin with LLickitung
16.7%
Hold Item EvolutionPoliwhirl>Politoed
16%
To begin with TTentacool
15.2%

You're not logged in!

Compare scores with friends on all Sporcle quizzes.
OR
Log In

Sporcle TV

Today on Sporcle TV


Watch our educational content, quiz creation guides, and fun videos on Sporcle TV.

Show Comments

Extras

Top Quizzes Today


Score Distribution

Your Account Isn't Verified!

In order to create a playlist on Sporcle, you need to verify the email address you used during registration. Go to your Sporcle Settings to finish the process.

Report this User

Report this user for behavior that violates our Community Guidelines.

Details: